000 00704cam a2200253 4500
001 55548
003 BD-RjUL
005 20211209080300.0
008 690730s1969 enkac b 001 0 eng
020 _a0713122080
035 _a(BD-RjUL)55671
040 _aDLC
_cDLC
_dDLC
_beng
041 _aeng
082 0 0 _223
_a660.62
_bSMI 1971
100 1 _aSmith, George,
_d1895-1967.
_9165454
245 1 3 _aAn introduction to industrial mycology /
_cG Smith
250 _a6th ed.
260 _aLondon :
_bEdward Arnold,
_c1969 [Reprinted 1971 ]
300 _aix, 390 p. :
_billus. ;
_c22 cm.
350 _a80/-
650 0 _aIndustrial microbiology.
_9163466
942 _2ddc
_cBK
999 _c55548
_d55548